000 00772nam a22001817a 4500
008 260702s1996 mx |||||r|||| 000 0 spa d
040 _bspa
082 0 4 _a972.03
_bA35
100 _aGARCÍA DE ALBA, GABRIEL AGRAZ
245 _aIGNACIO PÉREZ
_bEL MENSAJERO DE LA LIBERTAD
300 _a22 PAGINAS
_c21.5 cm x 14 cm
336 _2rdacontent
_atexto
_btxt
337 _2rdamedia
_asin mediación
_bn
338 _2rdacarrier
_avolumen
_bnc
505 _aRELATA LA HAZAÑA DEL QUERETANO QUE, LA NOCHE DEL 13 DE SEPTIEMBRE DE 1810, LLEVÓ EL AVISO DE LA CONSPIRACIÓN DESCUBIERTA Y PERMITIÓ EL INICIO DE LA INDEPENDENCIA DE MÉXICO.
650 _aGEOGRAFÍA E HISTORIA
_vHISTORIA GENERAL DE AMÉRICA DEL NORTE
_xMESOAMÉRICA (AMÉRICA DEL NORTE) MÉXICO
942 _2ddc
_cCOLQ
999 _c68739
_d68739